00424cam a2200157ua 4500001000400000008003900004040000900043082001000052245004800062250000900110260004500119300002100164653002200185653003100207700002800238442110406n ii |||gr||||Z||||||eng cMAIN a320.51 aStudy of political sciencecby B.K. Gokhale a1st. aBombay:bHimalaya publishoing house,979. ax, 594p.:c30cm. aPolitical science aStudy of political science aGokhale, B.K.,eAuthor.